Anagrammi dei Calciatori - Quiz n°36 - Statistics

Statistiche generali
  • Questo quiz è stato fatto 3 volte
  • Il punteggio medio è 6 su 10
Statistiche sulle risposte
Anagramma Calciatore % Corretto
neko Kone
100%
naarmdoa Maradona
100%
mnirel Milner
100%
nvese Neves
100%
bosniat Bastoni
50%
ailndeil Dainelli
50%
ningsie Insigne
50%
laoctlnsaes Castellanos
0%
iloggaadn Goldaniga
0%
amassar Samaras
0%
Nessun quiz corrispondente trovato
Distribuzione punteggi
Percentuale di utenti per punteggio
Percentile per numero di risposta
I tuoi punteggi nel tempo
Non hai fatto questo quiz